BAB-I ESRAR (Record no. 1204900)

MARC details
000 -LEADER
sabit uzunluktaki kontrol alanı 00237nam a2200097Ia 4500
001 - KONTROL NUMARASI
kontrol alanı 1204900
005 - EN SON İŞLEMİN TARİH VE ZAMANI
kontrol alanı 20250827022736.0
008 - SABİT-UZUNLUKTA VERİ ÖĞELERİ--GENEL BİLGİ
sabit uzunluktaki kontrol alanı 250824s9999 xx 000 0 und d
245 #0 - ESER / YAZAR
ESER ADI BAB-I ESRAR
Yazar Adı AHMET ÜMİT
260 ## - YAYIN, DAĞITIM, VB.
YAYIN EVİ EVEREST YAYINLARI
Holdings
Düşüm durumu Kayıp durumu Hasar Durumu Ödünç verilmez Ana kütüphane Geçerli Kütüphane Edinilen tarih Toplam ödünç verme sayısı Barkod Son görüntüleme tarihi Fiyatın geçerli olmaya başladığı tarih Koha materyal türü
        ADNAN HADİYE SÜRMEGÖZ ORTAOKULU ADNAN HADİYE SÜRMEGÖZ ORTAOKULU 24.08.2025   105910739 27.08.2025 27.08.2025 Books